000 01323cam a2200337 a 4500
001 EDZ0000082917
003 StDuBDS
005 20161031105212.0
006 m||||||||d||||||||
007 cr |||||||||||
008 120427s2010 caua fo| 001|0|eng|d
020 _a9781446251164 (ebook) :
_cNo price
040 _aStDuBDS
_beng
_cStDuBDS
_epn
049 _aAlfaisal Main Library
050 0 _aLB1731.4
_b.G46 2010
082 0 4 _a371.1020941
_223
100 1 _aGeorge, Stephanie.
245 1 4 _aThe learning mentor manual
_h[electronic resource] /
_cStephanie George.
260 _aLos Angeles, [Calif.] ;
_aLondon :
_bSAGE,
_c2010.
300 _a1 online resource (xiv, 104 p.) :
_bill.
520 8 _aThis practical book is designed to help those new to the learning mentor role avoid common pitfalls, and to help those with more experience to develop their skills.
504 _aIncludes bibliographical references and index.
521 _aSpecialized.
588 _aDescription based on print version record.
650 0 _aMentoring in education
_zGreat Britain.
655 7 _aElectronic books.
_2local
710 2 _aSage eBooks
776 0 8 _iPrint version :
_z9781412947732
856 4 0 _uhttp://ezproxy.alfaisal.edu/login?url=http://sk.sagepub.com/books/the-learning-mentor-manual
942 _2lcc
_cEBOOKS
999 _c481572
_d481572